| 000 | 01724cam a2200469 i 4500 | ||
|---|---|---|---|
| 001 | 11759027 | ||
| 003 | ASAB | ||
| 005 | 20180827062638.0 | ||
| 008 | 150630s2015 pk b 001 0 eng | ||
| 010 | _a 2015330046 | ||
| 020 | _a9789695623701 | ||
| 020 | _a9695623700 | ||
| 035 | _a(OCoLC)ocn919252479 | ||
| 035 | _a(OCoLC)919252479 | ||
| 035 | _a(NNC)11759027 | ||
| 040 |
_aDLC _beng _erda _cASAB _dOCLCF _dDKAGE _dOCLCO _dWAU |
||
| 042 |
_alcode _apcc |
||
| 043 |
_aa-ii--- _aa-is--- |
||
| 050 | 0 | 0 |
_aDS480.45 _b.M334 2015 |
| 082 | 0 | 4 |
_a320.954035 _223 |
| 100 | 1 |
_aMalik, Nadeem Shafiq. _91905 |
|
| 245 | 1 | 0 |
_aBrethren in faith : _bthe All India Muslim League and Palistine issue, (1917-1947) / _cNadeem Shafiq Malik. |
| 246 | 1 |
_iCorrect title should read: _aBrethren in faith : _bthe All India Muslim League and Palestine issue, (1917-1947) |
|
| 300 |
_a608 pages ; _c24 cm |
||
| 504 | _aIncludes bibliographical references (pages 560-[571]) and index. | ||
| 610 | 2 | 0 |
_aAll-India Muslim League _xHistory. _91906 |
| 610 | 2 | 7 |
_aAll-India Muslim League. _2fast _91907 |
| 648 | 7 |
_a1900 - 1999 _2fast _91908 |
|
| 650 | 0 |
_aMuslims _xPolitical activity _zIndia _xHistory _y20th century. _91909 |
|
| 650 | 0 |
_aArab-Israeli conflict. _91910 |
|
| 650 | 7 |
_aArab-Israeli conflict. _2fast _91911 |
|
| 650 | 7 |
_aMuslims _xPolitical activity. _2fast _91912 |
|
| 650 | 7 |
_aPolitics and government. _2fast _91913 |
|
| 651 | 0 |
_aIndia _xPolitics and government _y1919-1947. _91914 |
|
| 651 | 0 |
_aPalestine _xHistory _y1917-1948. _91915 |
|
| 651 | 7 |
_aIndia. _2fast _91916 |
|
| 651 | 7 |
_aMiddle East _zPalestine. _2fast _91917 |
|
| 655 | 7 |
_aHistory. _2fast _91918 |
|
| 942 |
_2ddc _cBK |
||
| 948 | 1 |
_a20160303 _bc _csds12 _dMPS |
|
| 999 |
_c480123 _d480123 |
||